[Event "FRA-ch op-D"]
[Site "Nancy"]
[Date "2013.08.18"]
[Round "6"]
[White "Bellahcene, Anissa"]
[Black "Wolfangel, Jocelyne"]
[Result "1-0"]
[WhiteElo "1470"]
[BlackElo "1433"]
[PlyCount "93"]
[EventDate "2013.08.11"]
[EventType "swiss"]
[EventRounds "11"]
[EventCountry "FRA"]
[SourceTitle "CBM 156 Extra"]
[Source "ChessBase"]
[SourceDate "2013.10.22"]
[SourceVersion "1"]
[SourceVersionDate "2013.10.22"]
[SourceQuality "1"]

1. e4 d5 2. exd5 Qxd5 3. Nc3 Qd6 4. d4 c6 5. Nf3 Bg4 6. h3 Bh5 7. g4 Bg6 8. Ne5 Nf6 9. Bf4 Nd5 10. Nxd5 Qxd5 11. Nxg6 hxg6 12. Rg1 Qe4+ 13. Be3 Qd5 14. Qd2 e6 15. Bg2 Qd8 16. 0-0-0 Be7 17. f4 Nd7 18. Qd3 Nb6 19. f5 Bg5 20. fxe6 Bxe3+ 21. Qxe3 0-0 22. e7 Nd5 23. Bxd5 Qxd5 24. exf8Q+ Kxf8 25. Rgf1 f6 26. Qa3+ Kf7 27. Qb3 b5 28. Qxd5+ cxd5 29. Rd3 Re8 30. Kd2 a5 31. Rc3 Re4 32. Rc7+ Kg8 33. Kd3 Re8 34. Rc5 Rd8 35. Rxb5 a4 36. Ra5 Rb8 37. b3 axb3 38. axb3 Rd8 39. b4 Kf7 40. Re1 Rd7 41. b5 f5 42. gxf5 gxf5 43. b6 Kf6 44. Ra7 Rd8 45. b7 Rb8 46. Rb1 g5 47. Ra8 1-0

[Event "Sautron op (Women)"]
[Site "Sautron"]
[Date "2013.05.08"]
[Round "2"]
[White "Boisyvon, Camille"]
[Black "Wolfangel, Jocelyne"]
[Result "1-0"]
[WhiteElo "1210"]
[BlackElo "1411"]
[PlyCount "73"]
[EventDate "2013.05.08"]
[EventType "swiss"]
[EventRounds "6"]
[EventCountry "FRA"]
[SourceTitle "EXT 2014"]
[Source "ChessBase"]
[SourceDate "2013.11.20"]
[SourceVersion "1"]
[SourceVersionDate "2013.11.20"]
[SourceQuality "1"]

1. d4 d5 2. e3 Nf6 3. Bd3 e6 4. Nd2 Bd6 5. f4 Nbd7 6. Ngf3 c5 7. c3 c4 8. Bc2 0-0 9. 0-0 Re8 10. Ne5 Nf8 11. Rf3 g6 12. Rh3 Qc7 13. g4 Kg7 14. g5 Nh5 15. Nf1 f6 16. gxf6+ Nxf6 17. Ng3 Re7 18. Qe2 Kg8 19. Qg2 Rg7 20. Bd2 b6 21. e4 Bb7 22. Rf1 dxe4 23. Nxe4 Nxe4 24. Bxe4 Bxe4 25. Qxe4 Rc8 26. Rh6 Bxe5 27. fxe5 Rf7 28. Rxf7 Qxf7 29. Rh3 Qe8 30. Qb7 Ra8 31. Bh6 Nd7 32. Qc7 b5 33. Qc6 a6 34. Re3 Qf7 35. Qxa8+ Nf8 36. Rf3 Qxf3 37. Qxf3 1-0

[Event "La Fere op 11th"]
[Site "La Fere"]
[Date "2012.07.13"]
[Round "8"]
[White "Wolfangel, Jocelyne"]
[Black "Molet, Asher"]
[Result "0-1"]
[WhiteElo "1452"]
[BlackElo "1844"]
[PlyCount "73"]
[EventDate "2012.07.07"]
[EventType "swiss"]
[EventRounds "9"]
[EventCountry "FRA"]
[SourceTitle "CBM 149 Extra"]
[Source "ChessBase"]
[SourceDate "2012.08.24"]
[SourceVersion "1"]
[SourceVersionDate "2012.08.24"]
[SourceQuality "1"]

1. d4 d5 2. Nf3 e6 3. Bg5 Nf6 4. c4 Nbd7 5. a3 Be7 6. Nc3 0-0 7. Qc2 c5 8. e3 Qa5 9. Bd3 dxc4 10. Be2 b5 11. 0-0 a6 12. Bh4 Bb7 13. Ng5 Qd8 14. Bg3 h6 15. Nge4 Nxe4 16. Nxe4 cxd4 17. exd4 Rc8 18. Bd6 Bxe4 19. Bxe7 Bxc2 20. Bxd8 Rfxd8 21. Rac1 Bb3 22. f4 Nf6 23. Bf3 a5 24. Rc3 Rxd4 25. Bb7 Rcd8 26. Rcc1 Rd2 27. Bc6 b4 28. axb4 axb4 29. Bb5 Rc8 30. Ba6 Rc5 31. Rf2 Ne4 32. Rf3 Rxb2 33. Bb7 Nd2 34. Rf2 Ra5 35. g3 Raa2 36. Re1 c3 37. Ree2 0-1

[Event "Lille Luce op 1st"]
[Site "Lille"]
[Date "2010.04.05"]
[Round "4"]
[White "Wolfangel, Jocelyne"]
[Black "Mousain, Antoine"]
[Result "0-1"]
[WhiteElo "1472"]
[BlackElo "1935"]
[PlyCount "56"]
[EventDate "2010.04.03"]
[EventType "swiss"]
[EventRounds "9"]
[EventCountry "FRA"]
[SourceTitle "EXT 2011"]
[Source "ChessBase"]
[SourceDate "2010.11.26"]
[SourceVersion "1"]
[SourceVersionDate "2010.11.26"]
[SourceQuality "1"]

1. d4 Nf6 2. c4 g6 3. Nf3 Bg7 4. Nc3 d5 5. e3 0-0 6. Be2 c5 7. cxd5 Nxd5 8. 0-0 Nc6 9. Nxd5 Qxd5 10. dxc5 Qxc5 11. Rb1 Bf5 12. Bd3 Rfd8 13. e4 Bxe4 14. Be3 Qa5 15. Ne1 Nb4 16. Qd2 Bxd3 17. Rd1 Bxf1 18. Qc1 Rxd1 19. Qxd1 Rd8 20. Bd2 Bb5 21. a3 Rxd2 22. Qxd2 Nc6 23. b4 Qxa3 24. Nc2 Qb2 25. g3 Qb1+ 26. Kg2 Bf1+ 27. Kf3 Ne5+ 28. Kf4 Bh6+ 0-1

[Event "La Fere op 8th"]
[Site "La Fere"]
[Date "2009.07.11"]
[Round "9"]
[White "Wolfangel, Jocelyne"]
[Black "Dagnicourt, Francis"]
[Result "0-1"]
[WhiteElo "1408"]
[BlackElo "1765"]
[PlyCount "106"]
[EventDate "2009.07.04"]
[EventType "swiss"]
[EventRounds "9"]
[EventCountry "FRA"]
[SourceTitle "CBM 131 Extra"]
[Source "ChessBase"]
[SourceDate "2009.09.03"]
[SourceVersion "2"]
[SourceVersionDate "2009.09.16"]
[SourceQuality "1"]

1. d4 Nf6 2. c4 g6 3. Nc3 Bg7 4. e4 d6 5. Be3 c5 6. Nf3 Qa5 7. Qd2 Bg4 8. Be2 0-0 9. 0-0 Bxf3 10. Bxf3 Nc6 11. e5 dxe5 12. d5 Nd4 13. Be2 Rad8 14. Nb5 Qxd2 15. Bxd2 Nxe2+ 16. Kh1 a6 17. Nc3 Nd4 18. f3 Nd7 19. Bg5 f6 20. Bh4 Rde8 21. Rab1 f5 22. Bf2 Nf6 23. Na4 Nd7 24. b3 b5 25. Nc3 b4 26. Na4 e4 27. Rbd1 f4 28. fxe4 Be5 29. Nb2 Nf6 30. Nd3 Nd7 31. Bxd4 Bxd4 32. Nxf4 Be5 33. Ne6 Rxf1+ 34. Rxf1 Nf6 35. Nxc5 a5 36. Nd3 Bd4 37. e5 Ng4 38. h3 Nxe5 39. Nxe5 Bxe5 40. Re1 Bd6 41. Rf1 Kg7 42. Kg1 e6 43. dxe6 Rxe6 44. Rc1 Bc5+ 45. Kf1 Rf6+ 46. Ke2 Rf2+ 47. Kd1 Rxg2 48. Rc2 Rxc2 49. Kxc2 Kf6 50. Kd3 Ke5 51. Ke2 Kf4 52. h4 Kg3 53. h5 gxh5 0-1

[Event "Salon de Provence op 1st"]
[Site "Salon de Provence"]
[Date "2006.04.27"]
[Round "5"]
[White "Moreau, Lionel"]
[Black "Wolfangel, Jocelyne"]
[Result "1/2-1/2"]
[WhiteElo "1380"]
[BlackElo "1430"]
[PlyCount "218"]
[EventDate "2006.04.24"]
[EventType "swiss"]
[EventRounds "7"]
[EventCountry "FRA"]
[SourceTitle "CBM 112 Extra"]
[Source "ChessBase"]
[SourceDate "2006.07.14"]
[SourceVersion "1"]
[SourceVersionDate "2006.07.14"]
[SourceQuality "1"]

1. c4 e6 2. Nf3 Nf6 3. e3 Nc6 4. b3 g6 5. Nc3 Bg7 6. Bb2 0-0 7. d4 d5 8. Rc1 a6 9. a3 Re8 10. h3 b6 11. Qc2 Bb7 12. Bd3 Ne7 13. Qe2 Ne4 14. Ne5 Rf8 15. Nxe4 dxe4 16. Bc2 f6 17. Ng4 Nf5 18. g3 h5 19. Nh2 Nd6 20. Rd1 f5 21. a4 c5 22. Bb1 Qc7 23. dxc5 bxc5 24. Ba2 Qa5+ 25. Rd2 Bxb2 26. 0-0 Qc7 27. Rxb2 Rab8 28. b4 Kg7 29. bxc5 Nf7 30. Rb6 Qe7 31. Qb2+ Qf6 32. Qxf6+ Kxf6 33. Rfb1 Nd8 34. c6 Nxc6 35. Rxb7 Rxb7 36. Rxb7 Rd8 37. c5 Rd1+ 38. Kg2 Rd2 39. Rb6 Ne5 40. Rxe6+ Kg5 41. h4+ Kh6 42. Rxe5 Rxa2 43. c6 Rc2 44. Re6 Rc4 45. Nf1 Rxa4 46. c7 Rc4 47. Re7 a5 48. Nd2 Rc3 49. Rd7 a4 50. Rd4 Rxc7 51. Rxa4 Kg7 52. Nc4 Kf6 53. f4 Kg7 54. Kf2 Rb7 55. Ke2 Rc7 56. Rb4 Ra7 57. Kd2 Rd7+ 58. Ke2 Ra7 59. Nd2 Rc7 60. Rc4 Rd7 61. Nxe4 fxe4 62. Rxe4 Kf6 63. Rd4 Ra7 64. Rd6+ Kg7 65. Rd2 Kf6 66. e4 Ra3 67. Rd3 Ra2+ 68. Rd2 Ra3 69. Rd3 Ra2+ 70. Rd2 Ra3 71. e5+ Kf5 72. Rd3 Ra2+ 73. Rd2 Ra3 74. Rd3 Ra1 75. Rd2 Ra3 76. Kf2 Kg4 77. e6 Ra8 78. Re2 Re8 79. Re5 Kh3 80. e7 Kg4 81. Rg5+ Kh3 82. Rxg6 Rxe7 83. Rd6 Rg7 84. Rd3 Kg4 85. Rd4 Kf5 86. Rd5+ Kg4 87. f5 Rf7 88. Re5 Rxf5+ 89. Rxf5 Kxf5 90. Kf3 Ke5 91. g4 hxg4+ 92. Kxg4 Kf6 93. h5 Kg7 94. Kg5 Kh7 95. h6 Kh8 96. Kg6 Kg8 97. Kg5 Kh7 98. Kh5 Kh8 99. Kg5 Kh7 100. Kh5 Kh8 101. Kh4 Kh7 102. Kg5 Kh8 103. Kg6 Kg8 104. Kf5 Kh7 105. Kg5 Kh8 106. Kf6 Kh7 107. Kg5 Kh8 108. Kg6 Kg8 109. h7+ Kh8 1/2-1/2